Los conocimientos útiles (Record no. 2786)

MARC details
000 -LEADER
campo de control de longitud fija 00897nas a2200277 i 4500
001 - NÚMERO DE CONTROL
campo de control 2786
003 - IDENTIFICADOR DE NÚMERO DE CONTROL
campo de control ES-MaACL
005 - FECHA Y HORA DE LA ÚLTIMA TRANSACCIÓN
campo de control 20250724062608.0
007 - CAMPO FIJO DE DESCRIPCIÓN FÍSICA--INFORMACIÓN GENERAL
campo de control de longitud fija t|
008 - DATOS DE LONGITUD FIJA--INFORMACIÓN GENERAL
campo de control de longitud fija 000620d18681869sp w|ype | ||pa d
080 ## - NÚMERO DE LA CLASIFICACIÓN DECIMAL UNIVERSAL
Número de la Clasificación Decimal Universal (460)
080 ## - NÚMERO DE LA CLASIFICACIÓN DECIMAL UNIVERSAL
Número de la Clasificación Decimal Universal 008
245 00 - MENCIÓN DEL TÍTULO
Título Los conocimientos útiles
Resto del título : semanario enciclopédico popular.
260 ## - PUBLICACIÓN, DISTRIBUCIÓN, ETC.
Lugar de publicación, distribución, etc. Madrid :
Nombre del editor, distribuidor, etc. Francisco Roig,
Fecha de publicación, distribución, etc. 1868-1869.
300 ## - DESCRIPCIÓN FÍSICA
Extensión 3 v. ;
Dimensiones 28 cm.
310 ## - PERIODICIDAD ACTUAL
Periodicidad actual Semanal
362 0# - FECHAS DE PUBLICACIÓN Y/O DESIGNACIÓN SECUENCIAL
Fecha de publicación y/o designación secuencial [T. 1], [n. 1] (1868) - t. 2, n. 26 (1869)
530 ## - NOTA DISPONIBLE DE FORMULARIO FÍSICO ADICIONAL
Nota de formato físico adicional disponible Disponible en formato digital.
594 ## - Nota al título y mención de responsabilidad
Nota al título y mención de responsabilidad Director, Francisco Carvajal.
650 #7 - PUNTO DE ACCESO ADICIONAL DE MATERIA--TÉRMINO DE MATERIA
Término de materia o nombre geográfico como elemento de entrada Cultura
Fuente del encabezamiento o término embne
9 (RLIN) 170963
700 1# - ENTRADA AGREGADA--NOMBRE PERSONAL
Nombre de persona Carvajal, Francisco.
9 (RLIN) 35931
852 ## - LOCALIZACIÓN
Ubicación ES-MaACL
Número de control de estantería Hem-587
856 ## - LOCALIZACIÓN Y ACCESO ELECTRÓNICOS
Identificador Uniforme de Recursos <a href="https://bibliotecavirtualmadrid.comunidad.madrid/bvmadrid_publicacion/es/consulta/registro.do?id=7266">https://bibliotecavirtualmadrid.comunidad.madrid/bvmadrid_publicacion/es/consulta/registro.do?id=7266</a>
Nota pública Versión en línea 1868-1869
866 #0 - MENCIÓN TEXTUAL DE FONDOS--UNIDAD BIBLIOGRÁFICA BÁSICA
Fondos 1868-1869
Holdings
Estatus retirado Estado de pérdida Estado de daño No para préstamo Colección Biblioteca de origen Biblioteca actual Ubicación en estantería Fecha de adquisición Fuente de adquisición Total de préstamos Signatura topográfica completa Código de barras Visto por última vez Precio de reemplazo Tipo de ítem Koha
        Colección digital Biblioteca del Ateneo de Madrid Biblioteca del Ateneo de Madrid Depósito 1 17/01/2008     Hem-587 1002840 23/02/2023 23/02/2023 Revista